00470 a2200109 4500001001000000005001700010008004100027245016900068100002500237700002600262773007200288ART_5688120260410161610.0260409a 10aRT (FACPCE) 53. Normas de auditoría, revisión, otros encargos de aseguramiento, certificaciones, servicios relacionados e informes de cumplimiento. Quinta parte1 aOubiña, Gabriel H.1 aFaccendini, Yanina C.0 tProfesional & Empresariag- Año XXIII, Nº 276 (sep. 2022)wREV70